| 000 | 01530nam a2200277Ia 4500 | ||
|---|---|---|---|
| 999 |
_c41555 _d41555 |
||
| 001 | 8223 | ||
| 003 | GE_BSU | ||
| 005 | 20240418155027.0 | ||
| 008 | 181216s2013||||ge |||||||||||||| ||geo|| | ||
| 020 | _a9789941213779 | ||
| 040 | _cGE_BSU | ||
| 041 | _ageo | ||
| 080 | _a27-36(479.22) კ-86 | ||
| 245 |
_aკრწანისის ყაყაჩოები / _cპროექტის რედ. თამარ მამაცაშვილი ; შემდგ. კახაბერ კენკიშვილი. |
||
| 264 |
_aთბილისი : _bპალიტრა L, _c2013. |
||
| 300 |
_a20 გვ. ; _c20 სმ. |
||
| 490 |
_aსაქართველოს იმედი : ყველა წმინდანი, რომელთა შესახებაც უნდა იცოდე, 2298-0547 _v წ. 31 |
||
| 500 | _aიბეჭდება სრულიად საქართველოს კათოლიკოს-პატრიარქის ილია II-ის ლოცვა-კურთხევით | ||
| 541 | _h3ლ. | ||
| 653 | _aკრწანისის ყაყაჩოები | ||
| 653 | _aქართველი წმინდანები | ||
| 653 | _aქართველი მეფეები | ||
| 700 |
_aკენკიშვილი, კახაბერ _eშემდგენელი _921866 |
||
| 700 |
_aამაცაშვილი, თამარ _eრედაქტორი _921867 |
||
| 942 |
_cBK _2udc |
||